|
|
|
|
| LEADER |
00000nab a2200000 a 4500 |
| 001 |
vtls000885891 |
| 003 |
SK-MaSNL |
| 005 |
20260304104518.0 |
| 008 |
250429c2004 xo 0 slo |
| 015 |
|
|
|a SNBRB2004/09-27700
|
| 035 |
|
|
|a CLN000237329
|
| 035 |
|
|
|a urn:nbn:sk:snk-abbxr0
|
| 035 |
|
|
|a (urnnbn)urn:nbn:sk:snk:ar-0011v7
|
| 035 |
|
|
|a (uuid)b9cefd90-d1c8-4064-90f3-dc24d6b387b0
|
| 040 |
|
|
|a SNKBUCL
|b slo
|c SNKBUCL
|e AACR2
|
| 041 |
0 |
|
|a slo
|
| 044 |
|
|
|a xo
|c SK
|
| 080 |
|
|
|a 681.587.35:621.646.4:061.5
|2 1997
|
| 080 |
|
|
|a 621.646.4
|2 1997
|
| 245 |
0 |
0 |
|a Kompaktný akčný člen GX od spoločnosti Emerson
|
| 300 |
|
|
|b Obr.
|
| 610 |
2 |
7 |
|a Emerson Process Management
|2 snkbucl
|9 1069294
|
| 650 |
0 |
7 |
|a pneumatické pohony
|2 snkbucl
|9 101097
|
| 650 |
0 |
7 |
|a regulačné ventily
|2 snkbucl
|9 78868
|
| 650 |
0 |
7 |
|a aktuátory
|2 snkbucl
|9 29234
|
| 655 |
|
7 |
|a články z novín a časopisov
|2 snkbucl
|9 267496
|
| 773 |
0 |
|
|t AT&P journal
|g Rč. 11, č. 5 (2004), s. 47-48
|x 1335-2237
|
| 850 |
|
|
|a Slovenská národná knižnica
|
| 852 |
|
|
|a Slovenská národná knižnica
|
| 954 |
|
|
|a odborná, vedecká literatúra pôvodná (slovenská)
|2 lita
|
| 958 |
|
|
|a article15
|
| 958 |
|
|
|a OND
|
| 958 |
|
|
|a EUIPO
|
| 992 |
|
|
|a RBX
|
| 999 |
|
|
|c 2851932
|d 2853862
|